Happy mother's day, Mami! / (Record no. 9219)

MARC details
000 -LEADER
fixed length control field 01008nam a22003017a 4500
001 - CONTROL NUMBER
control field 9219
003 - CONTROL NUMBER IDENTIFIER
control field FISKH
005 - DATE AND TIME OF LATEST TRANSACTION
control field 20251203091703.0
008 - FIXED-LENGTH DATA ELEMENTS--GENERAL INFORMATION
fixed length control field 251203b cb ||||| |||| 00| 0 eng d
020 ## - INTERNATIONAL STANDARD BOOK NUMBER
International Standard Book Number 9780689852336
040 ## - CATALOGING SOURCE
Original cataloging agency FISKH
Language of cataloging eng
Transcribing agency FISKH
Modifying agency FISKH
050 ## - LIBRARY OF CONGRESS CALL NUMBER
Classification number PZ7.V215 H
082 ## - DEWEY DECIMAL CLASSIFICATION NUMBER
Classification number 394.26
100 ## - MAIN ENTRY--PERSONAL NAME
Personal name Valdes, Leslie
Relator term Author
245 ## - TITLE STATEMENT
Title Happy mother's day, Mami! /
Statement of responsibility, etc. adapted by Leslie Valdes ; illustrated by Jason Fruchter
260 ## - PUBLICATION, DISTRIBUTION, ETC.
Place of publication, distribution, etc. New York :
Name of publisher, distributor, etc. Simon Spotlight ,
Date of publication, distribution, etc. 2003
300 ## - PHYSICAL DESCRIPTION
Extent 22 unnumbered pages :
Other physical details color illustrations ;
Dimensions 21 cm
490 ## - SERIES STATEMENT
Series statement Dora the explorer :
Volume/sequential designation 3
505 ## - FORMATTED CONTENTS NOTE
Formatted contents note G<br/>
520 ## - SUMMARY, ETC.
Summary, etc. "It's Mother's Day! Dora has decided to make a special cake for her mami, but first she must gather all the ingredients..."<br/>
521 8# - TARGET AUDIENCE NOTE
Target audience note 400<br/>
Source Lexile estimate<br/>
521 8# - TARGET AUDIENCE NOTE
Target audience note G<br/>
Source Raz-Plus<br/>
650 ## - SUBJECT ADDED ENTRY--TOPICAL TERM
Topical term or geographic name entry element Celebration
Form subdivision Mother's day
650 ## - SUBJECT ADDED ENTRY--TOPICAL TERM
Topical term or geographic name entry element Dora the explorer
Form subdivision Daughter
700 ## - ADDED ENTRY--PERSONAL NAME
Personal name Fruchter, Jason
Relator term Illustrator
942 ## - ADDED ENTRY ELEMENTS (KOHA)
Source of classification or shelving scheme Dewey Decimal Classification
Koha item type Books
Suppress in OPAC No
Holdings
Withdrawn status Lost status Source of classification or shelving scheme Damaged status Not for loan Collection Home library Current library Shelving location Date acquired Total Checkouts Full call number Barcode Date last seen Copy number Price effective from Koha item type
    Dewey Decimal Classification     Juvenile Fiction Footprints International School Library Network Toul Tom Poung Campus Footprints International School Library Network Toul Tom Poung Campus TTP Primary Dark Blue Bookshelves 12/03/2025   VAL 394.26 PZ7.V215 H 2025-5007 12/03/2025 1 12/03/2025 Books